| 000 | nam a22 7a 4500 | ||
|---|---|---|---|
| 999 |
_c336735 _d336735 |
||
| 003 | IT-MiCISF | ||
| 005 | 20170630115713.0 | ||
| 008 | 170630b xxu||||| |||| 00| 0 eng d | ||
| 040 |
_aIT-MiCISF _cIT-MiCISF |
||
| 041 | _ait | ||
| 100 |
_aFarinella Alessia _956534 |
||
| 245 |
_aSiblings _bEssere fratelli di ragazzi con disabilità |
||
| 260 |
_aTrento _bErickson _c2015 |
||
| 300 | _app. 107 | ||
| 500 | _ahandicap, rapporti-fratelli | ||
| 520 | _aIl rapporto tra fratelli e sorelle è, tra le relazioni umane, una delle più intense: vi si intrecciano allo stesso tempo sentimenti di attaccamento, confidenza e competizione, istinto di protezione e conflittualità. Cosa accade però se uno dei fratelli è disabile? Come si modificano i comportamenti all’interno e all’esterno del contesto familiare? Quali implicazioni ne derivano e quali risorse possono attivarsi? Il volume si propone di rispondere a queste domande, dando voce ai fratelli di ragazzi con disabilità nelle varie fasi della crescita. Le loro testimonianze restituiscono tutta la complessità di un’esperienza unica: il senso di abbandono rimproverato ai genitori, le fasi di rifiuto e indifferenza, la gelosia ma anche l’entusiasmo di poter aiutare il proprio fratello o sorella, l’orgoglio nel vederne le conquiste e i traguardi raggiunti, la possibilità di riuscire, dopo aver rielaborato il proprio vissuto, a individuare le potenzialità che può offrire questa “speciale fraternità”. | ||
| 650 |
_ahandicap _956194 |
||
| 654 | _asaggio | ||
| 942 |
_2ddc _cBK |
||